000 03920nam a22006495i 4500
001 978-981-16-9468-4
003 DE-He213
005 20250103112325.0
007 cr nn 008mamaa
008 220309s2022 si | s |||| 0|eng d
020 _a9789811694684
_9978-981-16-9468-4
024 _a10.1007/978-981-16-9468-4
_2doi
050 _aTJ1-1570
072 _aTRL
_2bicssc
072 _aTRA006000
_2bisacsh
072 _aTRL
_2thema
082 _a623.8
_223
100 _aDev, Arun Kr.
_eauthor.
_4aut
_4http://id.loc.gov/vocabulary/relators/aut
245 _aShip Repairing
_h[electronic resource] :
_bAnalyses and Estimates /
_cby Arun Kr Dev, Makaraksha Saha, George Bruce.
250 _a1st ed. 2022.
260 _aSingapore :
_bSpringer Nature Singapore :
_bImprint: Springer,
_c2022.
300 _aXXIII, 272 p. 302 illus., 2 illus. in color.
_bonline resource.
336 _atext
_btxt
_2rdacontent
337 _acomputer
_bc
_2rdamedia
338 _aonline resource
_bcr
_2rdacarrier
347 _atext file
_bPDF
_2rda
490 _aSpringer Series on Naval Architecture, Marine Engineering, Shipbuilding and Shipping,
_x2194-8453 ;
_v12
505 _aIntroduction -- Data Collection and Illustrations -- Analysis of Repairing Time -- Analysis of Docking Time -- Analysis of Repairing Labor -- Hull Coating Renewal Area.
520 _aThis book highlights the relationship between independent and dependent ship repairing variables of various combinations under linear and nonlinear form using actual data collected from shipyards. Independent variables refer to age, deadweight, cubic number, principal dimensions, and type of ships. Dependent variables refer to repairing time, docking time, repairing labor, docking labor, hull blasting renewal area, hull painting renewal area, pipe renewal length, structural steel renewal weight, and structural steel renewal locations. Mathematical models are developed involving appropriate variables using multiple linear regression analysis technique for different combinations of variables of ship repair. Adequacy of models is tested using statistical parameters like coefficients of multiple determination and F statistic (calculated and tabulated). Also, validation is presented to determine the deviation of model value from the observed value and their statistical parameters to justifythe adequacy of the respective estimate models. The book also emphasises the importance of managing the labor force, reliable data collection and an effective management information system to manage this as well as keeping control of on-going repair contracts.
650 _aMarine engineering.
650 _aProject management.
650 _aTransportation engineering.
650 _aTraffic engineering.
650 _aEngineering design.
650 _aIndustrial engineering.
650 _aProduction engineering.
650 _aOffshore structures.
650 _aMarine Engineering.
650 _aProject Management.
650 _aTransportation Technology and Traffic Engineering.
650 _aEngineering Design.
650 _aIndustrial and Production Engineering.
650 _aOffshore Engineering.
700 _aSaha, Makaraksha.
_eauthor.
_4aut
_4http://id.loc.gov/vocabulary/relators/aut
700 _aBruce, George.
_eauthor.
_4aut
_4http://id.loc.gov/vocabulary/relators/aut
710 _aSpringerLink (Online service)
773 _tSpringer Nature eBook
776 _iPrinted edition:
_z9789811694677
776 _iPrinted edition:
_z9789811694691
776 _iPrinted edition:
_z9789811694707
830 _aSpringer Series on Naval Architecture, Marine Engineering, Shipbuilding and Shipping,
_x2194-8453 ;
_v12
856 _uhttps://doi.org/10.1007/978-981-16-9468-4
912 _aZDB-2-ENG
912 _aZDB-2-SXE
999 _c12639
_d12639